000 00786nam a22002417a 4500
003 OSt
005 20240530110418.0
008 150309s2008 ua aol f b 001 0 eng d
020 _a9774162153
040 _aEG-CaGPL
_cEG-CaGPL
082 0 4 _221
_a930.1
_bCC/G E
100 1 _4Goddio , Franck
245 _aEgypt's sunken treasures /
_c edited by Franck Goddio with David Fabre, photography of the artefacts by Christoph Gerigk with a foreword by Zahi Hawass.
260 _aCairo :
_bThe American University in Cairo Press,
_c2008.
300 _a399 P. :
_bill. ;
_c28 cm.
650 0 _aArcheology
650 0 _2Egypt
_xAntiquities
700 1 _4GODDIO, Franck.
700 1 _aFABRE, David.
700 1 _aGERIGK, Christoph.
942 _2ddc
_cBK
999 _c60595
_d60595